1604 1826 1352 1520 1830 1481 1672 1686 1319 1362 1319 1077 1650 1844 1779 1482 1354 1847 1000 1339 1833 1584 1917 1905 1714 1249 1812 1677 1362 1751 1025 1524 1539 1084 1738 1369 1243 1075 1222 1395 1246 1971 1971 1520 1166 1474 1503 1571 1369 1581 1078 1678 1904 1481 1733 1062 1521 1037 1679 1825 1828 1037 1297 1373 1264 1774 1905 1664 1204 1934 1021 1916 1028 1033 1510 1553 1157 1669 1199 1121 1996 1806 1346 1709 1615 1487 1638 1178 1354 1374 1071 1202 1519 1684 1913 1180 1700 1809 1456 BCNSPRNW ULIB Ver.6.0+V

เปลี่ยนเป็นภาษาไทย

Change to English
 แสดงรายละเอียดบรรณานุกรม
  กลับหน้าหลัก

Brief Record : Get Marc (ISO 2709) : E-mail record : QR code < ปิดหน้าต่าง
LEADER : 00000nam 2200000uu 4500
001    13399127646
003     ULIB
008    210311s||||||||th 000 0 tha d
020 ^^ ^a9786160030880
050 ^^ ^aนว^bอ732บ
100 ^^ ^aอินเอวา
245 ^^ ^aบุพเพร้อยร้าย/^cอินเอวา
250    ^aพิมพ์ครั้งที่ 4
260 ^^ ^aกรุงเทพฯ : ^bSugar Beat, ^c2563
300 ^^ ^a456 หน้า ; ^c21 ซม.
650 ^^ ^aนวนิยาย^zไทย
655 ^^ ^aนิยายรัก
945    ^p320^l0^i007995
999    ^aประนอม เกษจรัล
รายการนี้ยังไม่มีแท็ก
คุณยังไม่ได้ล็อกอิน คุณสามารถมีกิจกรรมร่วมกับเว็บไซต์ได้ แต่ต้องล็อกอินก่อน ::
  ล็อกอิน

รายการสื่อสารสนเทศ

ลำดับที่ ประเภท เลขเรียก/บาร์โค้ด สถานที่ สถานะ
1. นวนิยาย
นวนิยาย
นว อ732บ ฉ.1 
  Barcode: 007995
ห้องสมุดวิทยาเขตสวรรค์ประชารักษ์
►หนังสือทั่วไป
บนชั้น

รายการใกล้เคียง
    ผู้แต่ง [อินเอวา]

BibComment


ยังไม่เคยถูกคอมเมนท์

คอมเมนท์ทรัพยากรรายการนี้
  คอมเมนท์: บุพเพร้อยร้าย อิ..


 Copyright 2026. Bcnsprnw @Library